000 01251nam a22003014a 4500
001 ebr10041229
003 CaPaEBR
006 m u
007 cr cn|||||||||
008 030108s2003 caua s 001 0 eng
010 _z 2003000470
020 _z1886411816 (alk. paper)
040 _aCaPaEBR
_cCaPaEBR
035 _a(OCoLC)70770544
050 1 4 _aQA76.9.D3
_bK82 2003eb
082 0 4 _a005.75/65
_221
100 1 _aKubica, Chris.
245 1 4 _aThe book of Filemaker 6
_h[electronic resource] :
_byour one-stop guide to FileMaker pro, pro unlimited, developer, server, and mobile /
_cby Chris Kubica.
260 _aSan Francisco :
_bNo Starch Press ;
_aBerkeley, CA :
_bDistributed in the U.S. by Publishers Group West,
_cc2003.
300 _axxxvii, 797 p. :
_bill.
500 _aIncludes index.
533 _aElectronic reproduction.
_bPalo Alto, Calif. :
_cebrary,
_d2013.
_nAvailable via World Wide Web.
_nAccess may be limited to ebrary affiliated libraries.
630 0 0 _aFileMaker pro.
650 0 _aDatabase management.
655 7 _aElectronic books.
_2local
710 2 _aebrary, Inc.
856 4 0 _uhttp://site.ebrary.com/lib/rucke/Doc?id=10041229
_zAn electronic book accessible through the World Wide Web; click to view
999 _c159282
_d159282